Testimonio de una historia inacabada : (Registro nro. 15397)
[ vista simple ]
| 000 -LEADER | |
|---|---|
| fixed length control field | 01177cam a2200277 a 4500 |
| 003 - CONTROL NUMBER IDENTIFIER | |
| control field | OSt |
| 005 - DATE AND TIME OF LATEST TRANSACTION | |
| control field | 20210316123611.0 |
| 008 - FIXED-LENGTH DATA ELEMENTS--GENERAL INFORMATION | |
| fixed length control field | 070712s2006 ck ado 00 0 spa d |
| 020 ## - INTERNATIONAL STANDARD BOOK NUMBER | |
| International Standard Book Number | 9589768369 |
| 040 ## - CATALOGING SOURCE | |
| Original cataloging agency | CO-BoPUJ |
| Transcribing agency | CO-JMCR |
| 041 0# - LANGUAGE CODE | |
| Language code of text/sound track or separate title | spa |
| 043 ## - GEOGRAPHIC AREA CODE | |
| Geographic area code | s-ck--- |
| 045 ## - TIME PERIOD OF CONTENT | |
| Time period code | x7y0 |
| 082 04 - DEWEY DECIMAL CLASSIFICATION NUMBER | |
| Classification number | 378.861 / |
| Item number | E821t |
| Edition number | 23 |
| 100 1# - MAIN ENTRY--PERSONAL NAME | |
| Personal name | Estrada Herrera, Fabiola |
| Relator term | autora |
| 9 (RLIN) | 36168 |
| 245 10 - TITLE STATEMENT | |
| Title | Testimonio de una historia inacabada : |
| Remainder of title | una comunidad local con pensamiento global / |
| Statement of responsibility, etc. | Fabiola Estrada Herrera |
| 260 ## - PUBLICATION, DISTRIBUTION, ETC. | |
| Place of publication, distribution, etc. | Bogotá : |
| Name of publisher, distributor, etc. | Universidad Autónoma de Colombia, |
| Date of publication, distribution, etc. | 2006. |
| 300 ## - PHYSICAL DESCRIPTION | |
| Extent | 129 páginas : |
| Other physical details | ilustraciones, fotos y tablas a color ; |
| Dimensions | 32 cm. |
| 505 0# - FORMATTED CONTENTS NOTE | |
| Formatted contents note | Historia -- Crecimiento -- Vida universitaria -- Excelencia y calidad |
| 610 #1 - SUBJECT ADDED ENTRY--CORPORATE NAME | |
| Corporate name or jurisdiction name as entry element | Universidad Autónoma de Colombia |
| General subdivision | Historia |
| Chronological subdivision | 1971-2006 |
| 9 (RLIN) | 36169 |
| 650 14 - SUBJECT ADDED ENTRY--TOPICAL TERM | |
| Topical term or geographic name entry element | Fundación Universitaria Autónoma de Colombia |
| 9 (RLIN) | 36170 |
| 650 14 - SUBJECT ADDED ENTRY--TOPICAL TERM | |
| Topical term or geographic name entry element | Historia |
| General subdivision | Fundación Universitaria Autónoma de Colombia. |
| 9 (RLIN) | 36171 |
| 942 ## - ADDED ENTRY ELEMENTS (KOHA) | |
| Source of classification or shelving scheme | Dewey Decimal Classification |
| Koha item type | Books |
| Withdrawn status | Lost status | Source of classification or shelving scheme | Damaged status | Not for loan | Home library | Current library | Shelving location | Date acquired | Source of acquisition | Total Checkouts | Full call number | Barcode | Date last seen | Copy number | Price effective from | Koha item type |
|---|---|---|---|---|---|---|---|---|---|---|---|---|---|---|---|---|
| Dewey Decimal Classification | Biblioteca Pública José María del Castillo y Rada | Biblioteca Pública José María del Castillo y Rada | General Stacks | Donación | 378.861 / E821t | 201810865 | 05/16/2024 | Ej.1 | Books |